Представление документа в формате RUSMARC

ПолеНазваниеЗначение
  Тип записи i
  Библиографический уровень m
001 Контрольный номер RU/SLIB/B/254920217
005 Дата корректировки 20230201110458.1
010 Индекс ISBN __
d Цена 117-41; 120-00
101 Язык документа 0_
a Язык текста rus
c Язык оригинала rus
200 Заглавие и сведения об ответственности 1_
a Заглавие Сорочинская ярмарка
e Сведения, относящиеся к заглавию [аудиоспектакль : по одноимен. произведению Н. В. Гоголя]
f Первые сведения об ответственности [сценарист, режиссер-постановщик В. Трухан ; композитор Ш. Каллош ; звукорежиссер Г. Засимова ; ред. Г. Шолохова ; действующие лица: Е. Весник и др.]
b Общее обозначение материала Звукозапись
210 Выходные данные 1_
a Место издания М.
c Издательство 1С-Паблишинг
d Дата издания 2005
215 Физическое описание __
a Объем 1 электрон. опт. диск (Audio CD) (00 ч. 73 мин.)
225 Серия 2_
a Серия 1С: Аудиокниги
i Наименование части Театральный фонограф
300 Общие примечания __
a Общие примечания Pentium 100 ; Windows 95/98/2000 ; CD-ROM ; SVGA, 800x600 ; звуковая карта ; RAM 16 Мб ; колонки (наушники) ; или CD/DVD-плеер ; AudioCD. - Регистрац. № 88508870, 111184493
323 Примечание о главных создателях, исполнителях, участниках __
a Примечание о главных создателях, исполнителях, участниках Весник, Е. (Автор)
a Примечание о главных создателях, исполнителях, участниках Вдовин, А. (Черевик)
a Примечание о главных создателях, исполнителях, участниках Шипунова, Н. (Параска)
a Примечание о главных создателях, исполнителях, участниках Денисов, Н. (Грицько)
a Примечание о главных создателях, исполнителях, участниках Васильева, О. (Хивря)
a Примечание о главных создателях, исполнителях, участниках Колесников, С. (Цыган)
a Примечание о главных создателях, исполнителях, участниках Ярославцев, А. (Кум)
a Примечание о главных создателях, исполнителях, участниках Васьков, М. (Попович)
330 Аннотация __
a Аннотация "Сорочинская ярмарка" - мир народной жизни, красочный, полный чувств, романтичный, жизнерадостный. Подлинное открытие одухотворенного мира поэтического народа, с его неповторимым лукавым и искрящимся юмором.
606 Тематические рубрики __
a Основная рубрика Музыка и зрелищные искусства
606 Тематические рубрики __
a Основная рубрика Художественное радиовещание
z Хронологическая подрубрика 19 в.
y Географическая подрубрика Россия; Украина
610 Ключевые слова 0_
a Ключевые слова радиоспектакли; украинская литература; повести; тема народной жизни; тема народа; тема праздника; тема чувств; юмор
686 Индексы других классификаций __
a Классификационный индекс 85.38я04; ст85.38я04
702 Вторичная интеллектуальная ответственность _1
a Фамилия Гоголь
b Имя Н. В.
4 Код отношения Автор
4 Код отношения 070
702 Вторичная интеллектуальная ответственность _1
a Фамилия Трухан
b Имя В.
4 Код отношения Сценарист
4 Код отношения 690
702 Вторичная интеллектуальная ответственность _1
a Фамилия Каллош
b Имя Ш.
4 Код отношения Композитор
702 Вторичная интеллектуальная ответственность _1
a Фамилия Засимова
b Имя Г.
4 Код отношения Звукорежиссер
4 Код отношения 570
702 Вторичная интеллектуальная ответственность _1
a Фамилия Шолохова
b Имя Н.
4 Код отношения Редактор
4 Код отношения 340
801 Источник записи _0
a Страна RU
b Организация Муниципальное бюджетное учреждение культуры "Централизованная библиотечная система" г. Сургут (Центральная городская библиотека им. А. С. Пушкина)
g Правила каталогизации КиК/Дорошева; КиК/Поспелова
801 Источник записи _1
a Страна RU
b Организация Муниципальное бюджетное учреждение культуры "Централизованная библиотечная система" г. Сургут (Центральная городская библиотека им. А. С. Пушкина)
g Правила каталогизации КиК/Дорошева; КиК/Поспелова
852 Данные о местонахождении __
j Шифр хранения 85.38я04
c Каталожный индекс 85.38я04
i Авторский знак С 65
901 Тип документа __
t Тип документа 0
903 Характеристики (МАРС) __
a Дата передачи 20080725; 20080213
969 Тип издания __
a Тип издания аудиоспектакль; аудиокнига
990 Данные о заказе (DOS) __
j Количество экземпляров (DOS) 1; 2
h N записи в КСУ для Б/У (DOS) 200807; 200802